书目信息 |
| 题名: |
哲学研究
|
|
| 作者: | 维特根斯坦 著 ;李步楼 译 | |
| 分册: | ||
| 出版信息: | 北京 商务印书馆 1996 |
|
| 页数: | 358页 | |
| 开本: | 20cm | |
| 丛书名: | 汉译世界学术名著丛书 | |
| 单 册: | ||
| 中图分类: | B521 | |
| 科图分类: | ||
| 主题词: | 哲学--奥地利 | |
| 电子资源: | ||
| ISBN: | 7-100-01977-X | |
| 000 | 00750nam2 2200253 45 | |
| 001 | 0197033039 | |
| 005 | 20050530112421.2 | |
| 010 | @a7-100-01977-X@dCNY18.00 | |
| 100 | @a19971010d1996 kemy0chiy0121 ea | |
| 101 | 1 | @achi@beng@cger |
| 102 | @aCN@b110000 | |
| 105 | @ay z 000yy | |
| 200 | 10 | @a哲学研究@Azhe xue yan jiu@f(奥)维特根斯坦著@F(Ao)Wei Te Gen Si Tan Zhu@g李步楼译 |
| 210 | @a北京@c商务印书馆@d1996 | |
| 215 | @a358页@d20cm | |
| 225 | 2 | @a汉译世界学术名著丛书 |
| 300 | @a据Basil Blackwell出版社1967年第3版译出 | |
| 410 | 0 | @120010@a汉译世界学术名著丛书 |
| 606 | 0 | @a哲学@x奥地利 |
| 690 | @aB521@v3 | |
| 701 | 0 | @a维特根斯坦@4著 |
| 702 | 0 | @a李步楼@Ali bu lou@4译 |
| 801 | 0 | @aCN@bNLC@c19971027 |
| 905 | @dB521@e11@f1@b274208 | |
| 哲学研究/(奥)维特根斯坦著/李步楼译.-北京:商务印书馆,1996 |
| 358页;20cm.-(汉译世界学术名著丛书) |
| 据Basil Blackwell出版社1967年第3版译出 |
| ISBN 7-100-01977-X:CNY18.00 |
| ● |
| 相关链接 |
|
|
|
|
正题名:哲学研究
索取号:B521/11
 
预约/预借
| 序号 | 登录号 | 条形码 | 馆藏地/架位号 | 状态 | 备注 |
| 1 | 0274207 | 000579145 | 第一借阅区/ [索取号:B521/11] | 在馆 | |
| 2 | 0274208 | 002039608 | 第一样本阅览室/ [索取号:B521/11] | 在馆 |